| 000 | 00731nam a22002537a 4500 | ||
|---|---|---|---|
| 001 | 1807 | ||
| 003 | CO-MdFUSB | ||
| 005 | 20180622072723.0 | ||
| 008 | 170526t1990 xxu||||| |||| 00| 0 eng d | ||
| 020 | _a0-7188-2890-3 | ||
| 040 |
_aCO-MdFUSB _bspa _cCO-MdFUSB _dCO-MdFUSBC _erda |
||
| 041 | 0 | _aeng | |
| 082 | 0 | 4 | _aG 220.93 M475a |
| 100 | 1 |
_aMazar, Amihai (1942-) _eautor |
|
| 245 | 0 |
_aArchaeology of the land of the Bible 10.000-586 B.C.E. _c / Amihai Mazar |
|
| 264 | 4 |
_aCambridge, USA : _bLutterworth, _c©1990 |
|
| 300 | _aXXX, 576 Pag | ||
| 336 |
_2rdacontent _a1 _ba1 |
||
| 337 |
_2rdamedia _a2 _b5 |
||
| 338 |
_2rdacarrier _a2 _b5 |
||
| 653 | _aArqueología bíblica | ||
| 653 | _aPalestina - Antigüedades | ||
| 942 | _cBK | ||
| 999 |
_c32985 _d32985 |
||